| 000 | 01009nam a2200301 i 4500 | ||
|---|---|---|---|
| 003 | CL-SaCFP | ||
| 005 | 20260210160157.0 | ||
| 008 | 160711t20162011amc 000 1dspa | ||
| 020 | _a9788433977434 | ||
| 040 | _cCL | ||
| 082 | 0 | 4 |
_aCh863 Z24 2016 _221 |
| 100 | 1 |
_aZambra, Alejandro, _d1975- _eautor |
|
| 245 | 1 | 0 |
_aFormas de volver a casa / _cAlejandro Zambra. |
| 250 | _aTercera edición en Chile "Compactos": junio 2016. | ||
| 264 | 1 |
_aBarcelona : _bEditorial Anagrama S.A., _c2016. |
|
| 264 | 3 |
_aChile : _bSalesianos Impresores S.A., _c2016. |
|
| 264 | 4 | _c2011 | |
| 300 |
_a164 páginas ; _c21 cm. |
||
| 336 |
_atexto _btxt _2rdacontent |
||
| 337 |
_ano mediado _bn _2rdamedia |
||
| 338 |
_avolumen _bnc _2rdacarrier |
||
| 490 | 1 |
_aColección Compactos ; _vno. 640 |
|
| 505 | 0 | _aPersonajes secundarios -- La literatura de los padres -- La literatura de los hijos -- Estamos bien. | |
| 650 | 7 | _aNovelas chilenas | |
| 830 | 0 |
_aColección Compactos ; _v640 |
|
| 942 |
_2ddc _cLIBRO |
||
| 949 |
_ac _bn |
||
| 999 |
_c16314 _d16314 |
||